Oceanian Geography By Letter M - Picture Quiz - Statistics

General Stats
  • This quiz has been taken 261 times
  • The average score is 6 of 9
Answer Stats
Picture Hint Answer % Correct
(country) Marshall Islands
91%
{Mariana} Trench
90%
(city) Melbourne
86%
(Ethnic group) Maori
85%
(subregion) Melanesia
66%
(river) Murray
57%
(capital city) Majuro
53%
(animal) Magpie
36%
{Milford} Sound
30%
No matching quizzes found
Score Distribution
Percent of People with Each Score
Percentile by Number Answered
Your Score History
You have not taken this quiz